Las de barranco /

Guardado en:
Autor Principal: Laferrere, Gregorio De
Formato: Libro
Publicado: Buenos Aires : Kapelusz, 1965
Edición:5a. ed.
Series:Grandes Obras de la Literatura Universal
Materias:
Etiquetas: Agregar Etiqueta
Sin Etiquetas, Sea el primero en etiquetar este registro!
LEADER 01547nam a22003615a 4500
001 CEM.cems003689
005 20110518211503.0
008 130507s1965##################000#0#####d
003 CEMS
082 0 4 |a A862.3 
100 1 |a Laferrere, Gregorio De 
245 1 0 |a Las de barranco /  |c Gregorio de Laferrere 
250 |a 5a. ed. 
260 |a Buenos Aires :  |b Kapelusz,  |c 1965 
300 |a 87 p. 
490 0 |a Grandes Obras de la Literatura Universal 
653 |a Literatura 
653 |a Literatura argentina 
653 |a Teatro 
653 |a Teatro argentino 
859 |a CEMS  |b BIB. CEMS - 11 de abril  |h A862.3  |i L131a5  |p 4396.75  |t Ej.1 
859 |a CEMS  |b BIB. CEMS - 11 de abril  |h A862.3  |i L131a5  |p 4397.75  |t Ej.2 
859 |a CEMS  |b BIB. CEMS - 11 de abril  |h A862.3  |i L131a5  |p 4398.75  |t Ej.3 
859 |a CEMS  |b BIB. CEMS - 11 de abril  |h A862.3  |i L131a5  |p 4399.75  |t Ej.4 
859 |a CEMS  |b BIB. CEMS - 11 de abril  |h A862.3  |i L131a5  |p 4400.75  |t Ej.5 
859 |a CEMS  |b BIB. CEMS - 11 de abril  |h A862.3  |i L131a5  |p 4401.75  |t Ej.6 
859 |a CEMS  |b BIB. CEMS - 11 de abril  |h A862.3  |i L131a5  |p 4402.75  |t Ej.7 
859 |a CEMS  |b BIB. CEMS - 11 de abril  |h A862.3  |i L131a5  |p 4403.75  |t Ej.8 
859 |a CEMS  |b BIB. CEMS - 11 de abril  |h A862.3  |i L131a5  |p 4404.75  |t Ej.9 
859 |a CEMS  |b BIB. CEMS - 11 de abril  |h A862.3  |i L131a5  |p 4405.75  |t Ej.10 
859 |a CEMS  |b BIB. CEMS - 11 de abril  |h A862.3  |i L131a5  |p 4406.75  |t Ej.11 
859 |a CEMS  |b BIB. CEMS - 11 de abril  |h A862.3  |i L131a5  |p 6422.78  |t Ej.13 
859 |a CEMS  |b BIB. CEMS - 11 de abril  |h A862.3  |i L131a5  |p 7729.94  |t Ej.14